000 00230nam a22000857a 4500
008 160705b xxu||||| |||| 00| 0 eng d
100 _92100
_a Singh, P
245 _aMaharaja Ranjit Singh
260 _aNew Delhi
_bNational Book Trust
_c1989
999 _c1795
_d1795